Logo BPK

Biblioteka

Politechniki Koszalińskiej

Rasčety i imitacija negaussovkich slučajnych vibracij / (Rekord nr 39292)

Szczegóły MARC
000 -ETYKIETA REKORDU
podpole kontrolne o stałej długości 00695nam a2200241 i 4500
001 - NUMER KONTROLNY REKORDU
pole kontrolne bg
020 ## - MIĘDZYNARODOWY ZNORMALIZOWANY NUMER KSIĄŻKI - ISBN
ISBN 5120036937
040 ## - ŹRÓDŁO KATALOGOWANIA
Instytucja, która utworzyła rekord BPK
041 0# - KOD JĘZYKA
Kod języka tekstu ru
080 ## - UNIWERSALNA KLASYFIKACJA DZIESIĘTNA - UKD
UKD 534:620.17
920 ## - Międzynarodowy znormalizowany numer książki – ISBN
ISBN 5-12-003693-7
008 - POLE O STAŁEJ DŁUGOŚCI - DANE KONTROLNE
podpole kontrolne o stałej długości s pl f |000 0 pol
100 1# - NAZWA OSOBOWA
Nazwa osobowa ŠTEJNVOL'F, A. L.
245 ## - TYTUŁ/ODPOWIEDZIALNOŚĆ
Tytuł Rasčety i imitacija negaussovkich slučajnych vibracij /
Pozostałe elementy strefy tytułu i oznaczenia odpowiedzialności A. L. Šhtejnvol'f ; Akademija Nauk Ukrainy. Institut Problem Mašinostroenija.
Tytuł
260 ## - STREFA ADRESU WYDAWNICZEGO
Nazwa wydawcy/dystrybutora "Naukova Dumka",
Data publikacji, dystrybucji/powstania dokumentu 1993.
Miejsce wydania
300 ## - STREFA OPISU FIZYCZNEGO
Inne cechy fizyczne wykr. ;
Rozmiary 23 cm.
Objętość
504 ## - UWAGA DOTYCZĄCA BIBLIOGRAFII
Informacje o bibliografii
650 ## - HASŁO PRZEDMIOTOWE W FORMIE NAZWY OGÓLNEJ LUB JEDNOSTKOWEJ
Określnik ogólny badanie
-- metody 9
Nazwa ogólna lub geograficzna
650 ## - HASŁO PRZEDMIOTOWE W FORMIE NAZWY OGÓLNEJ LUB JEDNOSTKOWEJ
Określnik ogólny badanie
650 #9 - HASŁO PRZEDMIOTOWE W FORMIE NAZWY OGÓLNEJ LUB JEDNOSTKOWEJ
Nazwa ogólna lub geograficzna Mechanika stosowana
650 #9 - HASŁO PRZEDMIOTOWE W FORMIE NAZWY OGÓLNEJ LUB JEDNOSTKOWEJ
Nazwa ogólna lub geograficzna Symulacja
Określnik ogólny stosowanie
942 ## - DODATKOWE ELEMENTY (KOHA)
Typ dokumentu Książka
Egzemplarze
Wycofany Status egzemplarza Uszkodzony Dostępność Lokalizacja stała Lokalizacja bieżąca Miejsce przechowywania Sygnatura Kod kreskowy Typ dokumentu
      Dostępny Biblioteka Politechniki Koszalińskiej Biblioteka Politechniki Koszalińskiej Wypożyczalnia BG 58422 01559682 Książka
© 2023 Biblioteka Politechniki Koszalińskiej :: KOHA